| 000 | 00000nam 2200000zi 4500 |
| 001 | 9.912072 |
| 003 | CaOODSP |
| 005 | 20240802110208 |
| 006 | m o d f |
| 007 | cr bn||||||||| |
| 008 | 220608s2016 onc o f000 0 eng d |
| 020 | |a9780660439815 |
| 040 | |aCaOODSP|beng|erda|cCaOODSP |
| 043 | |an-cn--- |
| 086 | 1 |aBT66-86/2016E-PDF |
| 245 | 00|aTargeted control audit of the management of the Treasury Board of Canada Secretariat's data storage devices : |bfinal report. |
| 264 | 1|aOttawa, Ontario : |bTreasury Board of Canada Secretariat = Secrétariat du Conseil du trésor du Canada, |c2016. |
| 264 | 4|c©2016 |
| 300 | |a1 online resource (4 pages) |
| 336 | |atext|btxt|2rdacontent |
| 337 | |acomputer|bc|2rdamedia |
| 338 | |aonline resource|bcr|2rdacarrier |
| 500 | |aCover title. |
| 500 | |a"Published: 2016-12-16." |
| 500 | |aIssued also in French under title : Audit des contrôles ciblés de la gestion des dispositifs de stockage des données du Secrétariat du Conseil du trésor du Canada : rapport final. |
| 520 | |a"The Targeted Control Audit of the Management of the Treasury Board of Canada Secretariat's Data Storage Devices is part of the approved TBS's three-year Risk-Based Audit Plan for 2015 to 2017"--Background, page 2. |
| 610 | 10|aCanada. |bTreasury Board|xAuditing. |
| 650 | 0|aInformation storage and retrieval systems|xManagement. |
| 710 | 1 |aCanada. |bTreasury Board, |eissuing body. |
| 775 | 08|tAudit des contrôles ciblés de la gestion des dispositifs de stockage des données du Secrétariat du Conseil du trésor du Canada : |w(CaOODSP)9.912071 |
| 856 | 40|qPDF|s77 KB|uhttps://publications.gc.ca/collections/collection_2023/sct-tbs/BT66-86-2016-eng.pdf |